ICRISAT Annual Report 2008: Innovations for a changing world (Record no. 46097)

MARC details
000 -LEADER
fixed length control field 00613nam a2200133 a 4500
008 - FIXED-LENGTH DATA ELEMENTS--GENERAL INFORMATION
fixed length control field 090714s2008 ||||||||||||||||| || u
050 ## - LIBRARY OF CONGRESS CALL NUMBER
Classification number ICRISAT(958)
110 ## - MAIN ENTRY--CORPORATE NAME
Corporate name or jurisdiction name as entry element International Crops Research Institute for the Semi-arid Tropics
245 10 - TITLE STATEMENT
Title ICRISAT Annual Report 2008: Innovations for a changing world
260 ## - PUBLICATION, DISTRIBUTION, ETC.
Place of publication, distribution, etc. Maputo
Name of publisher, distributor, etc. International Crops Research Institute for the Semi-Arid Tropics
Date of publication, distribution, etc. 2008
300 ## - PHYSICAL DESCRIPTION
Extent 58p. ;ill
350 ## - PRICE (NR) (BK AM CF MU VM SE) [OBSOLETE]
Price 0.00
995 ## - RECOMMENDATION 995 [LOCAL, UNIMARC FRANCE]
-- 0.00
-- CBU-MAIN LIBRARY (Kitwe)
-- 1
-- 0.00
-- 1
-- AVAILABLE
-- Nov 20, 2009
-- International Publications
Holdings
Withdrawn status Lost status Source of classification or shelving scheme Damaged status Not for loan Home library Current library Shelving location Date acquired Total Checkouts Full call number Barcode Date last seen Price effective from Koha item type
          CBU-MAIN LIBRARY, KITWE. CBU-MAIN LIBRARY, KITWE.   11/30/2022   ICRISAT(958) Z03004834 11/30/2022 11/30/2022 MONOGRAPH